000 00689nam a22002417a 4500
003 UA-OsUOA
001 76364
007 ta
008 20110629b un ||||| |||| 00| 0 ukr d
100 _aПрохоренок Н.А.
090 _a004.451
_bП84
942 _cBK
040 _aUA-OsUOA
_brus
_cUA-OsUOA
_dUA-OsUOA
245 _ajQwery. Новый стиль программирования на JavaScript
300 _a272 с.
955 _a2
041 _arus
080 _a004.451
020 _a978-5-8459-1603-7
260 _aМ.
_bООО "И.Д.Вильямс"
_c2010
650 7 _a00 Загальні питання науки і культури
_2UDC
999 _c362668
_d362668